000 00731cam a2200229 a 4500
001 000001497
005 20200929145611.0
008 840426s1954 sp 000 f spa
040 _aDO-SdBNP
_bspa
_cBNPHU
082 _a863.44
_bB868s
100 1 _aBromfield, Louis,
_d1896-1956.
_94947
240 1 0 _aMrs. Parkington.
_lEspañol.
245 1 3 _aLa señora Parkington :
_bnovela /
_cLouis Bromfield; traducción de Antonio Valencia.
260 _aBarcelona :
_bPlaneta,
_c1954.
300 _a328 p. ;
_c19 cm.
490 1 _aGoliat
534 _aTítulo original:
_tMrs. Parkington.
650 4 _aNovela española
_91123
650 4 _aLiteratura española
_9632
700 1 _aValencia, Antonio,
_etr.
_94948
830 0 _aGoliat.
_94949
999 _c1403
_d1403